Music Quiz

Random Music or Singers Quiz

Find the All Woman Band or Group Quiz Stats

 Plays Quiz Updated Oct 24, 2019

Score 0/24 Timer 08:00
8 Plays Today
Question Answer Wrong Answers
Which group is this? Destiny's Child
94%
Salt-N-Pepa
1.7%
Wilson Phillips
0.6%
The Weather Girls
1.2%
Which group is this? Spice Girls
91.7%
The Pussycat Dolls
2.9%
Little Mix
1.3%
Fifth Harmony
1.5%
Which group is this? The Supremes
87.1%
En Vogue
1.7%
TLC
1.4%
Martha & the Vandellas
7.2%
Which group is this? The Pussycat Dolls
87%
Spice Girls
3.9%
Little Mix
2.4%
Fifth Harmony
4.2%
Which group is this? Tegan and Sara
85.8%
The Bangles
2.4%
The Go-Go's
3.8%
The Runaways
5.1%
Which group is this? TLC
84.9%
En Vogue
8.4%
The Supremes
1.5%
Martha & the Vandellas
2.3%
Which group is this? The Weather Girls
83.2%
Wilson Phillips
4.3%
Destiny's Child
0.7%
Salt-N-Pepa
9%
Which group is this? Dixie Chicks
81.7%
Indigo Girls
6.7%
Bananarama
6%
t.A.T.u.
2.8%
Which group is this? Salt-N-Pepa
81.5%
Destiny's Child
5.1%
Wilson Phillips
3.1%
The Weather Girls
7.4%
Which group is this? Wilson Phillips
80.8%
Destiny's Child
1.7%
Salt-N-Pepa
3.4%
The Weather Girls
11.2%
Which group is this? The Andrews Sisters
80.5%
The Pointer Sisters
9.2%
Sister Sledge
3.5%
SWV
4%
Which group is this? En Vogue
78.3%
The Supremes
2.6%
TLC
13%
Martha & the Vandellas
3.4%
Which group is this? Bananarama
77%
Indigo Girls
9.3%
Dixie Chicks
7.5%
t.A.T.u.
3.2%
Which group is this? t.A.T.u.
74.5%
Bananarama
3.3%
Indigo Girls
12.9%
Dixie Chicks
6.4%
Which group is this? The Bangles
73.4%
The Go-Go's
13.5%
Tegan and Sara
1.1%
The Runaways
9%
Which group is this? Fifth Harmony
73.3%
Little Mix
12.3%
Spice Girls
1.2%
The Pussycat Dolls
10.6%
Which group is this? Indigo Girls
71.6%
Dixie Chicks
9.4%
Bananarama
6.5%
t.A.T.u.
9.5%
Which group is this? Little Mix
67.1%
Spice Girls
6.1%
The Pussycat Dolls
12.1%
Fifth Harmony
12.1%
Which group is this? The Pointer Sisters
65.8%
The Andrews Sisters
7%
Sister Sledge
19.2%
SWV
5%
Which group is this? The Runaways
65.2%
The Bangles
15.7%
The Go-Go's
15.2%
Tegan and Sara
1%
Which group is this? The Go-Go's
63.7%
The Bangles
20.6%
Tegan and Sara
1.8%
The Runaways
11%
Which group is this? Martha & the Vandellas
60.6%
TLC
1.6%
En Vogue
1.9%
The Supremes
33.3%
Which group is this? Sister Sledge
56.7%
The Pointer Sisters
27.2%
The Andrews Sisters
8.3%
SWV
4.8%
Which group is this? SWV
44.8%
Sister Sledge
21.9%
The Pointer Sisters
20.6%
The Andrews Sisters
9.7%

You're not logged in!

Compare scores with friends on all Sporcle quizzes.
OR
Log In

Sporcle TV

Today on Sporcle TV


Watch our educational content, quiz creation guides, and fun videos on Sporcle TV.

Show Comments

Extras

Top Quizzes Today


Score Distribution

Your Account Isn't Verified!

In order to create a playlist on Sporcle, you need to verify the email address you used during registration. Go to your Sporcle Settings to finish the process.

Report this User

Report this user for behavior that violates our Community Guidelines.

Details: